[Event "Small Nations"]
[Site "?"]
[Date "2015.04.22"]
[Round "5.8"]
[White "Fernandez Lopez, Joan"]
[Black "Brookfield, Toby"]
[Result "1-0"]
[BlackElo "1877"]
[WhiteElo "2133"]
[LiveChessVersion "1.4.5"]

1. e4 {[%clk 1:30:56]} c5 {[%clk 1:30:51]} 2. Nf3 {[%clk 1:30:50]} d6
{[%clk 1:31:11]} 3. d4 {[%clk 1:30:39]} cxd4 {[%clk 1:31:33]} 4. Nxd4
{[%clk 1:30:48]} Nf6 {[%clk 1:31:52]} 5. Nc3 {[%clk 1:30:07]} g6 {[%clk 1:32:10]}
6. Be3 {[%clk 1:28:37]} Bg7 {[%clk 1:32:28]} 7. f3 {[%clk 1:28:22]} Nc6
{[%clk 1:32:49]} 8. Bc4 {[%clk 1:22:50]} O-O {[%clk 1:33:02]} 9. Bb3
{[%clk 1:21:15]} Bd7 {[%clk 1:33:15]} 10. Qd2 {[%clk 1:20:56]} Nxd4
{[%clk 1:31:43]} 11. Bxd4 {[%clk 1:21:08]} b5 {[%clk 1:32:08]} 12. h4
{[%clk 1:15:41]} a5 {[%clk 1:31:42]} 13. a4 {[%clk 1:13:24]} bxa4
{[%clk 1:22:35]} 14. Nxa4 {[%clk 1:11:07]} Rb8 {[%clk 1:21:50]} 15. Bc3
{[%clk 1:01:04]} Qc8 {[%clk 1:03:57]} 16. Bxa5 {[%clk 0:51:35]} Qa6
{[%clk 0:58:58]} 17. Bc3 {[%clk 0:49:23]} Rfc8 {[%clk 0:57:59]} 18. Kf2
{[%clk 0:42:33]} Qa7+ {[%clk 0:40:12]} 19. Qe3 {[%clk 0:40:52]} Qc7
{[%clk 0:38:35]} 20. Rhd1 {[%clk 0:37:48]} Rb5 {[%clk 0:28:20]} 21. Bd4
{[%clk 0:30:03]} Bc6 {[%clk 0:23:04]} 22. Nc3 {[%clk 0:27:31]} Rb7
{[%clk 0:14:57]} 23. Ra6 {[%clk 0:22:15]} e5 {[%clk 0:09:50]} 24. Bb6
{[%clk 0:21:47]} Qe7 {[%clk 0:09:57]} 25. g3 {[%clk 0:18:58]} Nh5
{[%clk 0:08:37]} 26. Qd2 {[%clk 0:14:53]} Rd7 {[%clk 0:07:15]} 27. Be3
{[%clk 0:15:07]} Nf4 {[%clk 0:03:40]} 28. Rxc6 {[%clk 0:07:51]} Rxc6
{[%clk 0:02:37]} 29. Ba4 {[%clk 0:08:16]} Rcc7 {[%clk 0:02:06]} 30. Bxd7
{[%clk 0:08:37]} Rxd7 {[%clk 0:02:33]} 31. gxf4 {[%clk 0:08:39]} Qxh4+
{[%clk 0:02:37]} 32. Kg2 {[%clk 0:08:54]} exf4 {[%clk 0:02:41]} 33. Bxf4
{[%clk 0:09:18]} g5 {[%clk 0:01:25]} 34. Bxg5 {[%clk 0:08:42]} Qh5
{[%clk 0:01:34]} 35. Rh1 {[%clk 0:08:56]} Qg6 {[%clk 0:01:53]} 36. Kf2
{[%clk 0:09:12]} 1-0

[Event "Small Nations"]
[Site "?"]
[Date "2015.04.22"]
[Round "5.9"]
[White "Efimov, Igor"]
[Black "Kobler, Mario"]
[Result "1/2-1/2"]
[BlackElo "2108"]
[WhiteElo "2398"]
[LiveChessVersion "1.4.5"]

1. d4 {[%clk 1:30:55]} Nf6 {[%clk 1:30:46]} 2. Bg5 {[%clk 1:29:27]} g6
{[%clk 1:29:37]} 3. c4 {[%clk 1:28:57]} d5 {[%clk 1:24:21]} 4. Bxf6
{[%clk 1:21:32]} exf6 {[%clk 1:24:40]} 5. cxd5 {[%clk 1:22:00]} Qxd5
{[%clk 1:24:31]} 6. Nc3 {[%clk 1:22:23]} Qa5 {[%clk 1:24:22]} 7. e3
{[%clk 1:21:38]} Bg7 {[%clk 1:24:28]} 8. a3 {[%clk 1:12:43]} c5 {[%clk 1:21:48]}
9. dxc5 {[%clk 1:12:14]} f5 {[%clk 1:17:48]} 10. Rc1 {[%clk 1:03:23]} Nd7
{[%clk 1:15:09]} 11. Bc4 {[%clk 0:44:44]} O-O {[%clk 1:12:24]} 12. Nf3
{[%clk 0:38:20]} Nxc5 {[%clk 1:09:53]} 13. O-O {[%clk 0:38:23]} Be6
{[%clk 1:06:29]} 14. Bxe6 {[%clk 0:34:01]} Nxe6 {[%clk 1:06:45]} 15. Qb3
{[%clk 0:34:20]} Rfd8 {[%clk 0:57:30]} 16. Rfd1 {[%clk 0:24:11]} Nc5
{[%clk 0:55:41]} 17. Qc4 {[%clk 0:23:56]} Bxc3 {[%clk 0:43:10]} 18. bxc3
{[%clk 0:24:15]} Rac8 {[%clk 0:35:45]} 19. Ng5 {[%clk 0:22:12]} Qc7
{[%clk 0:38:02]} 1/2-1/2

[Event "Small Nations"]
[Site "?"]
[Date "2015.04.22"]
[Round "5.10"]
[White "Guller, Andras"]
[Black "Butnorius, Algimantas"]
[Result "0-1"]
[BlackElo "2379"]
[WhiteElo "2003"]
[LiveChessVersion "1.4.5"]

1. e4 {[%clk 1:30:45]} c5 {[%clk 1:30:48]} 2. Nf3 {[%clk 1:30:54]} e6
{[%clk 1:31:11]} 3. Nc3 {[%clk 1:30:51]} a6 {[%clk 1:30:31]} 4. d4
{[%clk 1:31:02]} cxd4 {[%clk 1:30:57]} 5. Nxd4 {[%clk 1:31:24]} Nc6
{[%clk 1:31:05]} 6. Nxc6 {[%clk 1:26:52]} bxc6 {[%clk 1:31:29]} 7. Bd3
{[%clk 1:27:10]} d5 {[%clk 1:31:47]} 8. O-O {[%clk 1:27:19]} Nf6 {[%clk 1:32:09]}
9. Qe2 {[%clk 1:26:00]} Be7 {[%clk 1:31:23]} 10. Bf4 {[%clk 1:18:46]} Bb7
{[%clk 1:13:34]} 11. Rad1 {[%clk 1:14:56]} Nd7 {[%clk 0:51:34]} 12. Na4
{[%clk 1:06:44]} O-O {[%clk 0:44:44]} 13. Rfe1 {[%clk 1:02:46]} Re8
{[%clk 0:42:03]} 14. e5 {[%clk 0:59:07]} Nf8 {[%clk 0:35:15]} 15. Be3
{[%clk 0:54:18]} Qa5 {[%clk 0:35:17]} 16. b3 {[%clk 0:49:28]} c5 {[%clk 0:35:15]}
17. Bd2 {[%clk 0:48:43]} Qc7 {[%clk 0:35:22]} 18. c4 {[%clk 0:48:41]} dxc4
{[%clk 0:23:37]} 19. Bxc4 {[%clk 0:48:01]} Ng6 {[%clk 0:21:21]} 20. f4
{[%clk 0:44:57]} Nh4 {[%clk 0:20:51]} 21. Kf2 {[%clk 0:32:18]} Bxg2
{[%clk 0:17:05]} 22. Qe3 {[%clk 0:29:33]} Bb7 {[%clk 0:12:55]} 23. Rg1
{[%clk 0:27:59]} Nf5 {[%clk 0:09:12]} 24. Qh3 {[%clk 0:26:16]} Rad8
{[%clk 0:08:28]} 25. Bd3 {[%clk 0:25:30]} c4 {[%clk 0:06:59]} 26. Bxf5
{[%clk 0:25:16]} exf5 {[%clk 0:07:28]} 27. Be3 {[%clk 0:25:30]} cxb3
{[%clk 0:07:31]} 28. Rc1 {[%clk 0:25:30]} Qd7 {[%clk 0:07:05]} 29. axb3
{[%clk 0:25:26]} Qd5 {[%clk 0:06:05]} 30. Nc3 {[%clk 0:22:10]} Bh4+
{[%clk 0:05:39]} 31. Kf1 {[%clk 0:18:22]} Qd3+ {[%clk 0:05:59]} 32. Ne2
{[%clk 0:18:46]} Qd1+ {[%clk 0:06:27]} 0-1

[Event "Small Nations"]
[Site "?"]
[Date "2015.04.22"]
[Round "5.11"]
[White "Van Hoolandt, Patrick"]
[Black "Jelic, Dejan"]
[Result "1-0"]
[BlackElo "1968"]
[WhiteElo "2107"]
[LiveChessVersion "1.4.5"]

1. d4 {[%clk 1:30:57]} Nf6 {[%clk 1:30:29]} 2. c4 {[%clk 1:31:20]} e6
{[%clk 1:29:15]} 3. Nf3 {[%clk 1:31:45]} b6 {[%clk 1:29:34]} 4. g3
{[%clk 1:30:12]} Bb7 {[%clk 1:27:51]} 5. Bg2 {[%clk 1:30:33]} Bb4+
{[%clk 1:27:44]} 6. Bd2 {[%clk 1:30:06]} Be7 {[%clk 1:28:04]} 7. O-O
{[%clk 1:27:27]} c5 {[%clk 1:27:01]} 8. Nc3 {[%clk 1:23:54]} cxd4
{[%clk 1:27:12]} 9. Nxd4 {[%clk 1:24:17]} Bxg2 {[%clk 1:27:39]} 10. Kxg2
{[%clk 1:24:38]} Nc6 {[%clk 1:24:53]} 11. Bf4 {[%clk 1:03:35]} Nh5
{[%clk 1:08:25]} 12. Bc1 {[%clk 1:00:10]} Nf6 {[%clk 0:57:19]} 13. e4
{[%clk 0:56:18]} Bc5 {[%clk 0:47:25]} 14. Ndb5 {[%clk 0:34:49]} d6
{[%clk 0:45:45]} 15. b3 {[%clk 0:21:35]} a6 {[%clk 0:45:30]} 16. Na3
{[%clk 0:21:57]} h5 {[%clk 0:41:19]} 17. h4 {[%clk 0:22:13]} Bd4 {[%clk 0:40:55]}
18. Qd3 {[%clk 0:18:31]} Rc8 {[%clk 0:34:02]} 19. Bd2 {[%clk 0:17:39]} Ng4
{[%clk 0:28:18]} 20. Nc2 {[%clk 0:15:55]} Nge5 {[%clk 0:28:11]} 21. Qe2
{[%clk 0:16:03]} Qf6 {[%clk 0:20:25]} 22. Rad1 {[%clk 0:12:24]} Qg6
{[%clk 0:19:54]} 23. Be1 {[%clk 0:11:09]} Bc5 {[%clk 0:14:04]} 24. Na4
{[%clk 0:08:34]} b5 {[%clk 0:13:59]} 25. Nxc5 {[%clk 0:08:06]} dxc5
{[%clk 0:14:23]} 26. f4 {[%clk 0:07:59]} Qg4 {[%clk 0:14:07]} 27. Rf2
{[%clk 0:04:51]} Qxe2 {[%clk 0:14:03]} 28. Rxe2 {[%clk 0:05:20]} Ng4
{[%clk 0:13:58]} 29. Bc3 {[%clk 0:01:41]} O-O {[%clk 0:11:32]} 30. Red2
{[%clk 0:01:49]} Nb4 {[%clk 0:10:51]} 31. Kf3 {[%clk 0:01:08]} Nxa2
{[%clk 0:10:52]} 32. Bb2 {[%clk 0:00:42]} bxc4 {[%clk 0:10:52]} 33. bxc4
{[%clk 0:01:03]} Rb8 {[%clk 0:11:02]} 34. Ba3 {[%clk 0:00:47]} Nc3
{[%clk 0:10:22]} 35. Re1 {[%clk 0:00:50]} Nb1 {[%clk 0:10:31]} 36. Rd3
{[%clk 0:00:52]} Nxa3 {[%clk 0:10:44]} 37. Rxa3 {[%clk 0:01:00]} Rb2
{[%clk 0:09:58]} 38. Re2 {[%clk 0:01:03]} Rd8 {[%clk 0:09:39]} 39. Ne3
{[%clk 0:00:38]} Rxe2 {[%clk 0:08:39]} 40. Kxe2 {[%clk 0:01:01]} Nxe3
{[%clk 0:08:51]} 41. Kxe3 {[%clk 0:01:02]} Rd6 {[%clk 0:04:49]} 42. e5
{[%clk 0:28:48]} g6 {[%clk 0:33:06]} 1-0

[Event "Small Nations"]
[Site "?"]
[Date "2015.04.22"]
[Round "5.12"]
[White "Muendle, Kurt"]
[Black "Nelis, Jean-Francois"]
[Result "0-1"]
[BlackElo "2146"]
[WhiteElo "1863"]
[LiveChessVersion "1.4.5"]

1. d4 {[%clk 1:30:57]} e6 {[%clk 1:30:43]} 2. c4 {[%clk 1:30:58]} Bb4+
{[%clk 1:31:02]} 3. Nc3 {[%clk 1:30:42]} c5 {[%clk 1:30:55]} 4. e3
{[%clk 1:29:36]} Nc6 {[%clk 1:30:28]} 5. Nf3 {[%clk 1:28:48]} Bxc3+
{[%clk 1:28:14]} 6. bxc3 {[%clk 1:29:02]} d6 {[%clk 1:28:32]} 7. Bd3
{[%clk 1:27:32]} Nf6 {[%clk 1:26:53]} 8. O-O {[%clk 1:27:19]} e5 {[%clk 1:26:52]}
9. Be2 {[%clk 1:26:20]} O-O {[%clk 1:24:02]} 10. h3 {[%clk 1:23:52]} Bf5
{[%clk 1:17:21]} 11. d5 {[%clk 1:17:58]} Ne7 {[%clk 1:16:07]} 12. Nd2
{[%clk 1:15:50]} Qa5 {[%clk 1:09:33]} 13. Qb3 {[%clk 1:12:12]} Rab8
{[%clk 1:07:10]} 14. f3 {[%clk 1:07:15]} h6 {[%clk 1:04:14]} 15. e4
{[%clk 1:04:48]} Bd7 {[%clk 1:04:01]} 16. Qc2 {[%clk 1:03:49]} Nh5
{[%clk 0:58:48]} 17. Nb3 {[%clk 0:55:55]} Qd8 {[%clk 0:58:57]} 18. Be3
{[%clk 0:48:08]} b6 {[%clk 0:58:51]} 19. Qd2 {[%clk 0:43:35]} Ng6
{[%clk 0:58:37]} 20. Kh2 {[%clk 0:41:24]} Nhf4 {[%clk 0:54:08]} 21. Nc1
{[%clk 0:37:53]} f5 {[%clk 0:42:08]} 22. Bxf4 {[%clk 0:28:54]} exf4
{[%clk 0:37:41]} 23. Nd3 {[%clk 0:28:47]} Qg5 {[%clk 0:37:16]} 24. Bd1
{[%clk 0:20:23]} Rbe8 {[%clk 0:33:45]} 25. Nf2 {[%clk 0:16:28]} Nh4
{[%clk 0:30:45]} 26. Rg1 {[%clk 0:14:19]} Rf6 {[%clk 0:26:48]} 27. Bc2
{[%clk 0:11:27]} Qxg2+ {[%clk 0:14:39]} 28. Rxg2 {[%clk 0:11:45]} Nxf3+
{[%clk 0:15:08]} 29. Kh1 {[%clk 0:11:09]} Nxd2 {[%clk 0:15:33]} 30. Rag1
{[%clk 0:09:14]} g5 {[%clk 0:15:17]} 31. exf5 {[%clk 0:09:11]} Nf3
{[%clk 0:12:55]} 32. Ng4 {[%clk 0:08:46]} Kg7 {[%clk 0:12:09]} 33. Nxf6
{[%clk 0:08:45]} Kxf6 {[%clk 0:12:38]} 34. Rf1 {[%clk 0:07:56]} Re3
{[%clk 0:12:31]} 35. Rgf2 {[%clk 0:06:23]} Nh4 {[%clk 0:10:43]} 36. Kh2
{[%clk 0:05:53]} Rxc3 {[%clk 0:10:32]} 37. Re2 {[%clk 0:04:25]} Nf3+
{[%clk 0:10:36]} 38. Kg2 {[%clk 0:03:29]} Nd4 {[%clk 0:10:26]} 39. Re6+
{[%clk 0:02:04]} Bxe6 {[%clk 0:10:40]} 40. fxe6 {[%clk 0:02:27]} Rxc2+
{[%clk 0:11:03]} 0-1

[Event "Small Nations"]
[Site "?"]
[Date "2015.04.22"]
[Round "5.17"]
[White "Jouault, Louis"]
[Black "Klerides, Paris"]
[Result "0-1"]
[BlackElo "2183"]
[WhiteElo "1908"]
[LiveChessVersion "1.4.5"]

1. e4 {[%clk 1:30:57]} c5 {[%clk 1:21:26]} 2. Nc3 {[%clk 1:31:19]} Nc6
{[%clk 1:21:39]} 3. f4 {[%clk 1:31:32]} g6 {[%clk 1:21:52]} 4. Nf3
{[%clk 1:31:54]} Bg7 {[%clk 1:22:09]} 5. Bb5 {[%clk 1:32:10]} Nd4
{[%clk 1:22:16]} 6. O-O {[%clk 1:31:36]} Nxb5 {[%clk 1:21:42]} 7. Nxb5
{[%clk 1:31:58]} d5 {[%clk 1:21:44]} 8. exd5 {[%clk 1:31:30]} a6 {[%clk 1:21:26]}
9. Nc3 {[%clk 1:31:11]} Nf6 {[%clk 1:21:47]} 10. d4 {[%clk 1:26:52]} c4
{[%clk 1:21:42]} 11. Qe2 {[%clk 1:23:21]} b5 {[%clk 1:20:12]} 12. b3
{[%clk 1:06:51]} b4 {[%clk 1:15:33]} 13. Na4 {[%clk 1:02:45]} cxb3
{[%clk 1:13:22]} 14. axb3 {[%clk 1:01:55]} Nxd5 {[%clk 1:13:27]} 15. Bb2
{[%clk 0:51:24]} Nxf4 {[%clk 1:05:40]} 16. Qe4 {[%clk 0:50:55]} Nd5
{[%clk 1:05:08]} 17. Ne5 {[%clk 0:46:19]} f5 {[%clk 0:49:49]} 18. Qe2
{[%clk 0:39:01]} O-O {[%clk 0:44:03]} 19. Rfe1 {[%clk 0:34:26]} Bf6
{[%clk 0:33:31]} 20. Qc4 {[%clk 0:29:54]} Kg7 {[%clk 0:32:41]} 21. Nc5
{[%clk 0:24:45]} Qd6 {[%clk 0:31:20]} 22. Nf3 {[%clk 0:19:42]} a5
{[%clk 0:27:15]} 23. Rad1 {[%clk 0:15:00]} Ba6 {[%clk 0:21:05]} 24. Nxa6
{[%clk 0:13:56]} Rxa6 {[%clk 0:21:25]} 25. Ne5 {[%clk 0:12:21]} Ra7
{[%clk 0:18:31]} 26. Qd3 {[%clk 0:10:43]} Rc8 {[%clk 0:13:27]} 27. Nc4
{[%clk 0:11:03]} Qc6 {[%clk 0:13:19]} 28. Ne5 {[%clk 0:11:17]} Qxc2
{[%clk 0:12:48]} 29. Qf3 {[%clk 0:07:31]} Nc3 {[%clk 0:09:22]} 30. Bxc3
{[%clk 0:07:24]} Rxc3 {[%clk 0:09:32]} 31. Qd5 {[%clk 0:05:43]} Qxb3
{[%clk 0:09:33]} 32. Qd8 {[%clk 0:04:13]} Rac7 {[%clk 0:05:06]} 33. d5
{[%clk 0:04:42]} Bxe5 {[%clk 0:04:52]} 34. Rb1 {[%clk 0:01:18]} Bd4+
{[%clk 0:04:29]} 35. Kh1 {[%clk 0:01:47]} Qxb1 {[%clk 0:04:33]} 0-1

[Event "Small Nations"]
[Site "?"]
[Date "2015.04.22"]
[Round "5.18"]
[White "Constantinou, Pavlos"]
[Black "Mooney, Graham"]
[Result "1-0"]
[BlackElo "1870"]
[WhiteElo "2057"]
[LiveChessVersion "1.4.5"]

1. e4 {[%clk 1:30:57]} c5 {[%clk 1:30:33]} 2. Nf3 {[%clk 1:31:22]} g6
{[%clk 1:30:24]} 3. d4 {[%clk 1:31:48]} cxd4 {[%clk 1:30:39]} 4. Nxd4
{[%clk 1:32:11]} Nf6 {[%clk 1:29:04]} 5. Nc3 {[%clk 1:28:43]} d6 {[%clk 1:28:54]}
6. Be2 Bg7 7. O-O {[%clk 1:27:45]} O-O {[%clk 1:28:47]} 8. Be3 {[%clk 1:28:10]}
Nc6 {[%clk 1:27:54]} 9. Nb3 {[%clk 1:23:49]} Bd7 {[%clk 1:26:42]} 10. f4
{[%clk 1:20:46]} a6 {[%clk 1:25:58]} 11. Bf3 {[%clk 1:19:38]} Qc7
{[%clk 1:19:44]} 12. Qe2 {[%clk 1:14:22]} Rac8 {[%clk 1:10:00]} 13. Rad1
{[%clk 1:09:22]} b5 {[%clk 1:00:31]} 14. a3 {[%clk 0:47:50]} b4 {[%clk 0:55:40]}
15. axb4 {[%clk 0:42:18]} Nxb4 {[%clk 0:55:41]} 16. Bd4 {[%clk 0:40:56]} e5
{[%clk 0:39:08]} 17. Be3 {[%clk 0:36:44]} a5 {[%clk 0:28:24]} 18. fxe5
{[%clk 0:23:17]} dxe5 {[%clk 0:28:38]} 19. Ra1 {[%clk 0:19:40]} Ra8
{[%clk 0:20:50]} 20. Kh1 {[%clk 0:16:29]} Rfc8 {[%clk 0:16:54]} 21. Rfd1
{[%clk 0:15:14]} a4 {[%clk 0:14:54]} 22. Nc5 {[%clk 0:14:54]} a3 {[%clk 0:14:57]}
23. bxa3 {[%clk 0:14:45]} Nxc2 {[%clk 0:12:25]} 24. Qxc2 {[%clk 0:14:36]} Bf8
{[%clk 0:12:49]} 25. Nxd7 {[%clk 0:13:32]} Nxd7 {[%clk 0:13:13]} 26. Rd3
{[%clk 0:09:43]} Bb4 {[%clk 0:11:28]} 27. Bd2 {[%clk 0:07:19]} Nf6
{[%clk 0:06:52]} 28. Qb2 {[%clk 0:07:02]} Qc4 {[%clk 0:06:06]} 29. Be2
{[%clk 0:05:52]} Bxc3 {[%clk 0:06:18]} 30. Bxc3 {[%clk 0:06:08]} Qxe4
{[%clk 0:06:28]} 31. Bxe5 {[%clk 0:01:20]} Rc2 {[%clk 0:02:49]} 32. Qxc2
{[%clk 0:01:08]} Qxe5 {[%clk 0:03:17]} 33. Rad1 {[%clk 0:01:13]} Kg7
{[%clk 0:03:20]} 34. Bf3 {[%clk 0:01:32]} Re8 {[%clk 0:03:37]} 35. h3
{[%clk 0:01:46]} Qf4 {[%clk 0:02:35]} 36. Qd2 {[%clk 0:01:41]} Qg3
{[%clk 0:01:54]} 37. Bc6 {[%clk 0:01:57]} Qe5 {[%clk 0:01:06]} 38. Bxe8
{[%clk 0:02:24]} Ne4 {[%clk 0:01:28]} 39. Re3 {[%clk 0:01:48]} 1-0

[Event "Small Nations"]
[Site "?"]
[Date "2015.04.22"]
[Round "5.19"]
[White "Hawes, Jonathan"]
[Black "Aristotelous, Vassilis"]
[Result "1/2-1/2"]
[BlackElo "1969"]
[WhiteElo "2158"]
[LiveChessVersion "1.4.5"]

1. d4 {[%clk 1:30:11]} Nf6 {[%clk 1:30:33]} 2. c4 {[%clk 1:30:33]} g6
{[%clk 1:30:57]} 3. Nc3 {[%clk 1:31:00]} Bg7 {[%clk 1:31:21]} 4. e4
{[%clk 1:31:25]} d6 {[%clk 1:31:45]} 5. f3 {[%clk 1:31:51]} c6 {[%clk 1:32:09]}
6. Be3 {[%clk 1:31:47]} a6 {[%clk 1:32:11]} 7. a4 {[%clk 1:29:17]} a5
{[%clk 1:32:26]} 8. Bd3 {[%clk 1:27:33]} Na6 {[%clk 1:32:46]} 9. Rc1
{[%clk 1:26:48]} O-O {[%clk 1:32:56]} 10. Nge2 {[%clk 1:24:47]} e5
{[%clk 1:28:23]} 11. d5 {[%clk 1:21:54]} Nd7 {[%clk 1:23:00]} 12. Qd2
{[%clk 1:14:30]} Ndc5 {[%clk 1:22:20]} 13. Bc2 {[%clk 1:13:21]} Nb4
{[%clk 1:22:50]} 14. O-O {[%clk 1:09:06]} Nxc2 {[%clk 1:15:13]} 15. Qxc2
{[%clk 1:07:58]} f5 {[%clk 1:15:05]} 16. exf5 {[%clk 1:06:19]} gxf5
{[%clk 1:14:41]} 17. Rcd1 {[%clk 1:03:45]} Qe7 {[%clk 1:07:59]} 18. dxc6
{[%clk 1:01:54]} bxc6 {[%clk 1:08:10]} 19. Qd2 {[%clk 0:59:36]} Nb7
{[%clk 1:05:42]} 20. f4 {[%clk 0:57:23]} Be6 {[%clk 1:04:56]} 21. b3
{[%clk 0:56:53]} 1/2-1/2

[Event "Small Nations"]
[Site "?"]
[Date "2015.04.22"]
[Round "5.20"]
[White "Hadjikyriakou, Arsenios"]
[Black "Kahn, Tito"]
[Result "1/2-1/2"]
[BlackElo "1942"]
[WhiteElo "1859"]
[LiveChessVersion "1.4.5"]

1. d4 {[%clk 1:30:56]} e6 {[%clk 1:30:35]} 2. c4 {[%clk 1:31:08]} Bb4+
{[%clk 1:30:57]} 3. Bd2 {[%clk 1:30:49]} a5 {[%clk 1:27:59]} 4. Nc3
{[%clk 1:26:47]} Nf6 {[%clk 1:26:44]} 5. Nf3 {[%clk 1:25:53]} O-O
{[%clk 1:26:40]} 6. Qc2 {[%clk 1:17:16]} d5 {[%clk 1:16:59]} 7. e3
{[%clk 1:14:23]} Nbd7 {[%clk 1:09:19]} 8. Be2 {[%clk 1:09:39]} Qe7
{[%clk 1:00:14]} 9. a3 {[%clk 1:04:46]} Bxc3 {[%clk 0:59:31]} 10. Bxc3
{[%clk 1:05:12]} Ne4 {[%clk 0:54:24]} 11. O-O {[%clk 1:05:04]} f5
{[%clk 0:41:48]} 12. b4 {[%clk 1:00:34]} Nxc3 {[%clk 0:32:51]} 13. Qxc3
{[%clk 0:59:51]} Nf6 {[%clk 0:28:43]} 14. Qb2 {[%clk 0:42:25]} Ne4
{[%clk 0:27:53]} 15. Ne5 {[%clk 0:41:06]} Rf6 {[%clk 0:22:48]} 16. f4
{[%clk 0:39:31]} c6 {[%clk 0:19:10]} 17. Bd3 {[%clk 0:37:26]} Rh6
{[%clk 0:19:27]} 18. Bxe4 {[%clk 0:37:03]} fxe4 {[%clk 0:18:20]} 19. c5
{[%clk 0:32:15]} a4 {[%clk 0:11:45]} 20. Qf2 {[%clk 0:30:50]} Bd7
{[%clk 0:11:22]} 21. Ra2 {[%clk 0:29:52]} Rf8 {[%clk 0:11:29]} 22. Qg3
{[%clk 0:23:27]} Rf5 {[%clk 0:11:04]} 23. Qe1 {[%clk 0:21:05]} Be8
{[%clk 0:11:24]} 24. g4 {[%clk 0:21:00]} Rf8 {[%clk 0:10:29]} 25. Rg2
{[%clk 0:18:51]} Kh8 {[%clk 0:08:47]} 26. Qg3 {[%clk 0:18:33]} Bg6
{[%clk 0:06:26]} 27. Rb1 {[%clk 0:18:18]} Be8 {[%clk 0:06:20]} 28. Rf1
{[%clk 0:17:51]} Bg6 {[%clk 0:06:16]} 29. Rff2 {[%clk 0:18:14]} Be8
{[%clk 0:06:04]} 30. Kf1 {[%clk 0:17:41]} Qd8 {[%clk 0:05:54]} 31. Kg1
{[%clk 0:12:53]} Qe7 {[%clk 0:06:20]} 32. Rd2 {[%clk 0:12:41]} Bg6
{[%clk 0:06:38]} 33. Qe1 {[%clk 0:12:52]} Ra8 {[%clk 0:04:32]} 34. Qd1
{[%clk 0:12:08]} Be8 {[%clk 0:03:43]} 35. Rb2 {[%clk 0:12:03]} Qc7
{[%clk 0:02:08]} 36. Qf1 {[%clk 0:07:13]} Qe7 {[%clk 0:02:19]} 37. Qf2
{[%clk 0:05:59]} Bg6 {[%clk 0:01:50]} 38. b5 {[%clk 0:06:00]} cxb5
{[%clk 0:01:59]} 39. Rxb5 {[%clk 0:06:26]} Be8 {[%clk 0:02:25]} 40. Rb6
{[%clk 0:06:34]} Rh3 {[%clk 0:01:46]} 41. Rg3 {[%clk 0:05:28]} Rxg3+
{[%clk 0:30:05]} 42. Qxg3 {[%clk 0:34:29]} Ra5 {[%clk 0:29:02]} 43. Qh3
{[%clk 0:31:39]} Kg8 {[%clk 0:28:34]} 44. Qg3 {[%clk 0:14:33]} Rb5
{[%clk 0:28:33]} 45. Rxb5 {[%clk 0:14:44]} Bxb5 {[%clk 0:29:02]} 46. Qe1
{[%clk 0:14:32]} Be8 {[%clk 0:22:54]} 47. Kg2 {[%clk 0:14:28]} g5
{[%clk 0:21:37]} 48. fxg5 {[%clk 0:12:00]} Qxg5 {[%clk 0:21:41]} 49. Qf2
{[%clk 0:11:10]} Kg7 {[%clk 0:20:47]} 50. Kg3 {[%clk 0:10:48]} Qe7
{[%clk 0:17:49]} 51. h4 {[%clk 0:10:34]} h6 {[%clk 0:17:46]} 52. Qb2
{[%clk 0:10:04]} Kg8 {[%clk 0:11:58]} 53. Qb6 {[%clk 0:09:49]} Kg7
{[%clk 0:12:08]} 54. Qb2 {[%clk 0:07:32]} Kg8 {[%clk 0:11:56]} 55. Qf2
{[%clk 0:07:56]} Kg7 {[%clk 0:11:55]} 56. Qf4 {[%clk 0:08:17]} Qd8
{[%clk 0:10:46]} 57. g5 {[%clk 0:08:35]} h5 {[%clk 0:09:45]} 58. Qf2
{[%clk 0:05:02]} Qe7 {[%clk 0:10:09]} 59. Qb2 {[%clk 0:04:57]} Kg8
{[%clk 0:04:16]} 60. Qb6 {[%clk 0:05:17]} Bc6 {[%clk 0:04:13]} 61. Qa7
{[%clk 0:04:58]} Qf8 {[%clk 0:04:00]} 62. Kg2 {[%clk 0:05:11]} Bb5
{[%clk 0:03:57]} 63. Qxb7 {[%clk 0:02:19]} Qf1+ {[%clk 0:04:08]} 64. Kh2
{[%clk 0:02:33]} Qf2+ {[%clk 0:04:26]} 65. Kh1 {[%clk 0:02:20]} Qxh4+
{[%clk 0:04:39]} 66. Kg2 {[%clk 0:02:25]} Qxg5+ {[%clk 0:04:41]} 67. Kf2
{[%clk 0:02:21]} Qh4+ {[%clk 0:03:43]} 68. Kg2 {[%clk 0:02:26]} Qg5+
{[%clk 0:03:44]} 69. Kh2 {[%clk 0:01:53]} Qh4+ {[%clk 0:03:25]} 70. Kg2
{[%clk 0:02:15]} Qg5+ {[%clk 0:03:02]} 71. Kf2 {[%clk 0:01:59]} Qf6+
{[%clk 0:02:46]} 72. Kg3 {[%clk 0:02:11]} h4+ {[%clk 0:02:27]} 73. Kh2
{[%clk 0:01:31]} Qf2+ {[%clk 0:02:44]} 74. Kh1 {[%clk 0:01:30]} Qe1+
{[%clk 0:02:38]} 75. Kh2 {[%clk 0:01:41]} Qg3+ {[%clk 0:02:17]} 76. Kh1
{[%clk 0:02:10]} Qh3+ {[%clk 0:02:39]} 77. Kg1 {[%clk 0:02:33]} Qxe3+
{[%clk 0:03:02]} 78. Kh2 {[%clk 0:02:29]} Qf2+ {[%clk 0:03:02]} 79. Kh1
{[%clk 0:02:48]} Qe1+ {[%clk 0:03:16]} 80. Kh2 {[%clk 0:02:52]} Qg3+
{[%clk 0:02:40]} 81. Kh1 {[%clk 0:03:20]} Qe1+ {[%clk 0:02:18]} 82. Kh2
{[%clk 0:03:30]} Qd2+ {[%clk 0:02:10]} 83. Kh1 {[%clk 0:03:37]} Qc1+
{[%clk 0:02:18]} 84. Kh2 {[%clk 0:03:43]} Qf4+ {[%clk 0:02:21]} 85. Kh1
{[%clk 0:03:38]} Qf1+ {[%clk 0:01:42]} 86. Kh2 {[%clk 0:04:06]} Qf2+
{[%clk 0:01:59]} 87. Kh1 {[%clk 0:04:18]} 1/2-1/2